|
|
|
|
| LEADER |
00000nam a22000007a 4500 |
| 005 |
20220421210938.0 |
| 007 |
cr|||| |||| |
| 008 |
220421s2020 ea |||||s|||| 00||0 spa d |
| 020 |
|
|
|a 978-84-121579-6-3
|
| 035 |
|
|
|a 35559
|
| 040 |
|
|
|a vLex
|
| 090 |
|
|
|c 13221
|d 13221
|
| 100 |
1 |
|
|a Garca̕ Amado, Juan Antonio
|
| 245 |
1 |
2 |
|a Um debate sobre a ponderaȯ̂
|h [Recurso electrn̤ico] /
|c Juan Antonio Garca̕ Amado, Manuel Atienza Rodrg̕uez
|
| 256 |
|
|
|a Servicio en ln̕ea
|
| 260 |
|
|
|a Barcelona:
|b J.M. Bosch Editor,
|c 2020
|
| 300 |
|
|
|a 1 recurso electrn̤ico
|
| 500 |
|
|
|a A ponderaȯ̂ tornou-se uma questô relevante do nosso tempo e ̌motivo de debate em torno das concepė̳s de lei, direitos e justiȧ. Neste quadro, os professores Manuel Atienza e Juan Antonio Garca̕ Amado realizam um ±combate dialťico corpo a corpo” que assume forma epistolar. Trata-se de um debate fundamental para entender a dimensô do direito nos tempos de hoje, quando tanto se fala em valores e princp̕ios constitucionais. Na presente obra, os argumentos vô e vm̊ em um jogo dialťico de argumentos inteligentes, bem articulados, e que respondem a diferentes premissas e fundamentos. Eis uma das grandes virtudes deste pequeno livro, que se torna um exemplo extraordinr̀io da relevńcia adquirida pela argumentaȯ̂ na prt̀ica jurd̕ica de nossos dias.
|
| 506 |
1 |
|
|a Disponible solo en los productos indicados
|d vLex Global
|d vLex Global (Academic Edition, excluding Law Schools)
|d vLex Global (U.S. Academic Edition, Law Schools)
|d vLex Global (U.S. Academic Edition, excluding Law Schools)
|d vLex Global (Academic Edition, Law Schools)
|
| 650 |
0 |
4 |
|a Derecho Civil
|z Espaą
|
| 650 |
0 |
4 |
|a Filosofa̕ y religin̤
|z Espaą
|
| 700 |
1 |
|
|a Atienza Rodrg̕uez, Manuel
|
| 740 |
0 |
|
|a vLex Libros (Servicio en ln̕ea)
|
| 856 |
4 |
0 |
|u https://app.vlex.com/#/sources/35559
|z Acceso restringido
|
| 942 |
|
|
|c BOOK
|
| 999 |
0 |
|
|a Civil Law
|
| 999 |
0 |
|
|a Philosophy and religion
|